000 01120cab a2200193 4500
001 ABS37083
008 090401t1986 xxu||||| |||| 00| 0 eng d
035 _a(Sirsi) u2199
041 _aeng
100 _aAshley, S.
245 _aSolar realities
260 _c1986
350 _a0
490 _aBuilding Services
_v8 (11) November 1986 32-33(2)
520 _aDescribes the use of passive solar energy in building design, by looking at the three key areas of shelter and orientation, thermal mass and ventilation. Explains the advantages and disadvantages of each. Goes on to note the requirements for an energy conserving atrium . Reviews an idea for the future whereby cladding systems could be incorporated with passive solar energy heating components and includes a section on solar collection which is best done in an evacuated space. Heat can then be transmitted by heat pipes. Explains how a product by Thermomax works. Thermomax is one of the companies producing high technology evacuated solar collector tubes .
690 _aENVIRONMENTAL AND LAND CONSULTANCY-ENERGY
942 _n0
948 _c04/03/1997
999 _c1328
_d1328